The words and speeches of Martin Luther King, JR. and Barack Obama. (Record no. 534)

MARC details
000 -LEADER
fixed length control field 00493nam a2200169Ia 4500
008 - FIXED-LENGTH DATA ELEMENTS--GENERAL INFORMATION
fixed length control field 240428s9999||||xx |||||||||||||| ||und||
020 ## - INTERNATIONAL STANDARD BOOK NUMBER
International Standard Book Number 9783486055
041 ## - LANGUAGE CODE
Language code of text/sound track or separate title eng
082 ## - DEWEY DECIMAL CLASSIFICATION NUMBER
Classification number 332.4R
100 ## - MAIN ENTRY--PERSONAL NAME
Personal name King, Coretta Scott
245 #4 - TITLE STATEMENT
Title The words and speeches of Martin Luther King, JR. and Barack Obama.
260 ## - PUBLICATION, DISTRIBUTION, ETC.
Name of publisher, distributor, etc. Self Improvement Publishing
Place of publication, distribution, etc. New Lagos Road, Benin City
Date of publication, distribution, etc. 2008
300 ## - PHYSICAL DESCRIPTION
Extent 451p, photos
650 ## - SUBJECT ADDED ENTRY--TOPICAL TERM
Topical term or geographic name entry element Obama, Barack. - King, Luther Martin
942 ## - ADDED ENTRY ELEMENTS (KOHA)
Koha item type Books
Holdings
Withdrawn status Lost status Damaged status Not for loan Home library Current library Shelving location Date acquired Total checkouts Full call number Date last seen Copy number Price effective from Koha item type
        Main Library Main Library Open Shelves 27/01/2022   332.4R 00467 C1 29/04/2024 1 29/04/2024 Books
©2026  Parliament of Ghana Library - All rights reserved